California Trivia - Statistics

General Stats
  • This quiz has been taken 510 times
  • The average score is 11 of 15
Answer Stats
Hint Answer % Correct
Nickname The Golden State
98%
Largest Cities Los Angeles
97%
Most Famous Bridge Golden Gate Bridge
96%
Capital City Sacramento
96%
Longest river completely in the state Sacramento
96%
^ San Francisco
95%
^ San Diego
92%
Rank in population 1st
91%
Animal on state flag Bear
90%
^ San Jose
78%
Body of Water it crosses over San Francisco Bay
58%
Highest Point Mount Whitney
50%
Snoop Doggs city Long Beach
47%
Lowest Point Badwater Basin
14%
Tallest building U.S. Bank Tower
14%
No matching quizzes found
Score Distribution
Percent of People with Each Score
Percentile by Number Answered
Your Score History
You have not taken this quiz